Gaming Quiz

Random Gaming or Blitz Quiz
Score 0/20 Timer 01:00
5 Plays Today
% Correct
Mug
89.5%
Socks
89.1%
Face mask
88.6%
Key ring
88.4%
Cap
88.3%
Necktie
88.3%
Clock
88%
Leggings
87.8%
Thermos
87.8%
Earrings
87.8%
% Correct
Phone case
86.5%
Lunch box
86.1%
Wristwatch
85.2%
Backpack
84.9%
Car seat cover
84.1%
Quilt
83.4%
Birthday card
77.3%
Cake
76%
Pillows
72.8%
Candle
70.9%
Remove Ads.
Support Sporcle.
Get the best of Sporcle when you Go Orange. This ad-free experience offers more features, more stats, and more fun while also helping to support Sporcle. Thank you for becoming a member.

You're not logged in!

Compare scores with friends on all Sporcle quizzes.
OR
Log In

Show Comments

Extras

Top Quizzes Today


Score Distribution

Your Account Isn't Verified!

In order to create a playlist on Sporcle, you need to verify the email address you used during registration. Go to your Sporcle Settings to finish the process.

Report this User

Report this user for behavior that violates our Community Guidelines.

Details: